01736nam a2200217 a 450000100080000000500110000800800410001910000230006024500880008326000320017130000090020349000410021252011260025365300310137965300220141065300190143265300110145170000190146270000190148170000180150011048882012-05-28 1985 bl uuuu u0uu1 u #d1 aSILVA JUNIOR, A.A. aComportamento de cultivares de tomate semeados em fevereiro no litoral catarinense. aFlorianopolis: EMPASCc1985 a4 p. a(EMPASC. Pesquisa em Andamento, 48). aO cultivo de tomate durante o inverno, restringe-se apenas ao litoral catarinense. Neste periodo, ocorre um subabastecimento estadual que so e contornado atraves de importacoes feitas em outros estados. Visando-se indicar cultivares mais adaptadas ao cultivo de inverno, desenvolveu-se experimento no municipio de Palhoca-SC, reunindo nove cultivares: Kada, Kada melhorado, Kada Gigante TS, Kada Gigante SS, Angela Gigante l-5.100, Angela Hiper, Principe Gigante, Yokota e Iguacu. Utilizou-se o delineamento de blocos ao acaso com 4 repeticoes. As parcelas comportavam 10 plantas na area util com um espacamento de 1,0m x 0,5m entre fileiras e plantas, respectivamente. Os resultados preliminares demonstram que Kada e Kada Gigante TS foram as mais promissoras com rendimento de 41 e 38 t/ha, reapectivamente a cultivar Angela Hiper apresentou o melhor peso medio de frutos, embora o rendimento foi de apenas 31,3 t/ha. Neste periodo de cultivo observou-se uma incidencia de broca pequena do fruto, que causou perdas de ate 15%. A cultivar Principe Gigante mostrou-se mais resistente as doencas foliares do que as demais. aCOMPORTAMENTO DE VARIEDADE aREGIAO DO LITORAL aSANTA CATARINA aTOMATE1 aVIZZOTTO, V.J.1 aMULLER, J.J.V.1 aALTHOFF, D.A.